03510cas a2200493 i 45000010009000000050017000090080041000260100031000670160022000980160018001200160020001380160018001580220028001760320017002040350013002210350019002340370086002530400320003390420014006590430012006730500013006852100016006982220021007142450022007352640058007573000019008153100035008343210027008693210030008963210027009263360026009533620038009795201504010176500033025216500049025546530009026036550043026126550024026557100064026798560090027439420008028339520160028419990015030011125560320250915100506.0750824c19579999ncubx p go 0 a0eng c asf 82007022 zsn 78000336 7 a1481417-12DE-6007 a98777692DNLM7 aD218000002DNLM7 a0078432422Uk a0012-7086l0012-708621 a884880bUSPS a11255603 a(OCoLC)1567016 bDuke Law Journal, 210 Science Drive, Box 90371, Durham, North Carolina 27708-0371 aMULbengerdacMULdFULdSULdNSDdUCUdNSDdOCLdDLCdRCSdNSTdAIPdNSDdDLCdAIPdNSDdNSTdNYGdNLMdOCLdSYSdOCLCQdDLCdORUdDLCdZCUdCUSdNSDdEYMdCUSdNLGGCdCUSdNSDdOCLCQdUKMGBdOCLCFdYLSdDEBBGdOCLCAdCLUdOCLdLRPdAU@dFJMdOCLCQdZASdOCLCOdOCLCAdOCLCQdHUELTdOCLCQdNDDdNLVRDdIL4J6dOCLCL ansdpapcc an-us-nc00aK4b.U630 aDuke law j. 0aDuke law journal00aDuke law journal. 1aDurham, N.C. :bDuke University School of Law,c1957- avolumesc25 cm aEight times per year,b<2014-> aSix no. a year,b1967- aFour no. a year,b1959-66 aTwice yearly,b1957-58 atextbtxt2rdacontent1 aBegan with: Vol. 7, no. 1 (1957). aDuke Law Journal is a leading legal periodical published continuously since 1957 by the Duke University School of Law in Durham, North Carolina. It carries the ISSN 0012-7086 and is classified under K4 .U63 in the Library of Congress system. The journal traces its origins back to 1951, when it first appeared as the Duke Bar Journal. Initially made up entirely of student-written and student-edited contributions, it began publishing faculty scholarship in 1953. To reflect this broader scope, the title was changed to Duke Law Journal in 1957. Since 1969 it has also featured an annual Administrative Law Symposium, which continues to this day. Over the decades, the journal has grown steadily in size and influence. From two issues and 259 pages in its earliest incarnation, it now publishes eight issues per year and is recognised as one of the top law reviews in the United States. The Duke Law Journal provides a platform for a wide range of legal writing, from established scholars and emerging voices to its own student editors. It is regarded as an important forum for the discussion of corporate law, administrative law, and broader legal scholarship. As an academic resource, it serves both as a training ground for law students — who develop essential editorial, analytical and writing skills — and as a venue for high-quality legal research that contributes significantly to contemporary legal debates. The online edition is available to institutions and individual subscribers. 0aLaw reviewszNorth Carolina. 0aCorporation lawzUnited StatesvPeriodicals.0 aLaw. 7aLaw reviews.2fast0(OCoLC)fst01774277 7aLaw reviews.2lcgft aDuke University.bSchool of Law,eissuing body,epublisher. uhttps://bibliotheque.tbs-education.fr/Default/doc/PUBFINDER/edp24416/duke-law-journal 2lcc 00102lcc4070aTBSbTBSd2025-09-15l0r2025-09-15uhttps://bibliotheque.tbs-education.fr/Default/doc/PUBFINDER/edp24416/duke-law-journalw2025-09-15y18 c4937d4937